Statistiques concernant Focus sur: Saroumane - Tolkien

Cliquez ici pour prendre le quiz!

Statistiques générales

  • Ce quiz a été pris 78 fois
    (68 depuis la dernière actualisation)
  • Le résultat moyen est 9 sur 18

Statistiques - réponses

Informations recherchéesRéponses% Correct
Couleur associéeBlanc
100%
Couleur des cheveuxNoir/Blanc
98%
EspèceIstar/Maia
97%
Age durant lequel il vécut en Terre du MilieuTroisième
90%
Première mentionLe Seigneur des Anneaux: La Communauté de l'Anneau
87%
ForteresseIsengard
83%
TourTour d'{Orthanc}
75%
Groupe auquel il appartientConseil Blanc
71%
Acteur l'interprétant dans les filmsChristopher Lee
70%
Gondor
38%
ContréesValinor
33%
Autre traduction du nomSaruman
32%
Comté
16%
Curunír
16%
Charquin
10%
Autres nomsCurumo
6%
SurnomsBlanc Messager
0%
Tueur d'arbres
0%

Distribution des résultats

Percentile par nombre de réponses

% des personnes avec chaque résultat

Votre développement - résultats

Vous n’avez pas pris ce quiz depuis la dernière actualisation